000 00302nam a22001337a 4500
020 _a81-8388-159-9
082 _a001
_bPAR/Q
100 _aPARTHASARATHY, M K
245 _aQUIZ QUEST SPORTS
260 _aCHENNAI
_bSPIDER BOOKS
_c2009
300 _a32
650 _aGENERAL KNOWLEDGE
_zINDIA
942 _cBK
999 _c6597
_d6597